Conductas alimentarias de riesgo, estilos de vida en estudiantes de educacion media superior estancia investigativa / (Registro nro. 4018)

Detalles MARC
000 -LEADER
fixed length control field 01855nam a2200277 4500
001 - CONTROL NUMBER
control field 0000100122
005 - DATE AND TIME OF LATEST TRANSACTION
control field 20250329165434.0
008 - FIXED-LENGTH DATA ELEMENTS--GENERAL INFORMATION
fixed length control field 190730s2019 000 0 eng d
040 ## - CATALOGING SOURCE
Original cataloging agency CO-CtgCURN
Language of cataloging spa
Transcribing agency coctgcurn
041 0# - LANGUAGE CODE
Language code of text/sound track or separate title spa
082 0# - DEWEY DECIMAL CLASSIFICATION NUMBER
Classification number ENF 2019
Item number A973
100 1# - MAIN ENTRY--PERSONAL NAME
Personal name Ayala Jimenez, Diana Paola.
245 10 - TITLE STATEMENT
Title Conductas alimentarias de riesgo, estilos de vida en estudiantes de educacion media superior estancia investigativa /
Statement of responsibility, etc. Diana Paola Ayala Jimenez ; Asesor: Maria Elizabeth Jaramillo Jimenez.
260 ## - PUBLICATION, DISTRIBUTION, ETC.
Place of publication, distribution, etc. Cartagena de Indias :
Name of publisher, distributor, etc. Corporación Universitaria Rafael Núñez,
Date of publication, distribution, etc. 2019.
300 ## - PHYSICAL DESCRIPTION
Extent 108 Hojas.
336 ## - CONTENT TYPE
Source rdacontent
Content type term text
Content type code txt
337 ## - MEDIA TYPE
Source rdacarrier
Media type term sin mediacion
Media type code n
338 ## - CARRIER TYPE
Source rdacarrier
Carrier type term volumen
Carrier type code nc
502 ## - DISSERTATION NOTE
Dissertation note Trabajo de grado (Enfermeria). Corporacion Universitaria Rafael Nuñez. Facultad de Ciencias de la salud. Enfermeria, 2019.
520 ## - SUMMARY, ETC.
Summary, etc. Segun la ENSANUT (Encuesta Nacional de Salud y Nutricion) indican que uno de cada tres adolescentes de entre 12 y 19 años presenta sobrepeso u obesidad en Mexico [1]. Una de las causas de sobrepeso y la obesidad es un desequilibrio energetico entre calorias consumidas y gastadas, el aumento en la ingesta de alimentos de alto contenido calorico que son ricos en grasa; y un descenso en la actividad fisica debido a la naturaleza cada vez mas sedentaria de muchas formas de trabajo, los nuevos modos de transporte y la creciente urbanizacion.
650 #0 - SUBJECT ADDED ENTRY--TOPICAL TERM
Topical term or geographic name entry element Enfermeria
Form subdivision Tesis y disertaciones academicas.
700 1# - ADDED ENTRY--PERSONAL NAME
Personal name Jaramillo Jimenez, Maria Elizabeth,
Relator term Asesor.
856 ## - ELECTRONIC LOCATION AND ACCESS
Uniform Resource Identifier <a href="https://unicurn.sharepoint.com/:b:/s/biblioteca/Ed2zrFAlOKZCgjk3Ytg5YGsBtu5SbOV2EvPHbiMdLtcj7w?e=ZlUV1z">https://unicurn.sharepoint.com/:b:/s/biblioteca/Ed2zrFAlOKZCgjk3Ytg5YGsBtu5SbOV2EvPHbiMdLtcj7w?e=ZlUV1z</a>
Public note Click aqui para ver el recurso en texto completo
942 ## - ADDED ENTRY ELEMENTS (KOHA)
Koha item type Trabajos de grado
Classification part ENF 2019
Item part A973
Existencias
Withdrawn status Lost status Source of classification or shelving scheme Damaged status Not for loan Collection Home library Current library Shelving location Date acquired Source of acquisition Cost, normal purchase price Inventory number Total checkouts Full call number Barcode Date last seen Price effective from Koha item type
    Dewey Decimal Classification     Trabajos de grado Miguel Henríquez Emiliani Miguel Henríquez Emiliani Trabajo de grado 07/23/2019 el autor 35000.00 022800   ENF 2019 A973 022800 07/23/2019 07/23/2019 Trabajos de grado